000 00926nam a22002417i 4500
999 _c23393
_d23393
003 AR-CdUCM
008 250904b20192019 pe||||| |||| 00| 0 spa d
040 _aMUNICIPALIDAD PROVINCIAL DEL CUSCO
_cBIBLIOTECA MUNICIPAL DEL CUSCO
041 _hspa
082 _2Segunda Edición
_a370.72 / C29D
_bC29D
100 _aCari Mamani, Hernán
_951499
245 _aDiseño de proyecto de investigación educativa /
260 _aSicuani-Cusco
_bAutor-Editor
_c2019
300 _a192 páginas. :
_c21x15 cm.
500 _zPáginas: 187-192
505 _aProyecto de investigación educativa -- Formulación del problema -- Justificación del problema -- Diseño metodológico de la investigación
650 _aPlantemiento del problema
_951500
650 _aMarco teórico
_951501
650 _aFormulacion de la hipótesis
_951502
650 _aDiseño metodológico
_951503
942 _2ddc
_cLIBROS
945 _apbjr
_d4-09-2025